MARC

LEADER 00000nam0a2200000 4500
001 27070
005 20231101205753.0
010 |a 5878350211 
035 |a (RuTPU)RU\TPU\book\27317 
035 |a BOOK00027392 
090 |a 27070 
100 |a 20011209d1998 km y0rusy50 ca 
101 0 |a rus 
102 |a RU 
105 |a y g 001zy 
200 1 |a Микросхемы для линейных источников питания и их применение  |e справочник  |f гл. ред. А. В. Перебаскин 
205 |a 2-е изд., испр. и доп. 
210 |a Москва  |c Додэка  |d 1998 
215 |a 400 с. 
225 1 |a Интегральные микросхемы 
320 |a Алфавитный список типономиналов: с. 3-6. 
320 |a Перечень отечественных микросхем для ИВП: с. 7-8. 
606 1 |a Микросхемотехника  |2 stltpush  |3 (RuTPU)RU\TPU\subj\43763  |9 63206 
610 1 |a микроэлектроника 
610 1 |a микросхемы 
610 1 |a интегральные микросхемы 
610 1 |a питание 
610 1 |a применение 
610 1 |a проектирование 
610 1 |a эксплуатация 
610 1 |a ремонт 
610 1 |a справочники 
610 1 |a электропитание 
610 1 |a линейные источники 
675 |a 621.382.049.77(035)  |v 3 
702 1 |a Перебаскин  |b А. В.  |4 651 
801 0 |a RU  |b 63413507  |c 20011209  |g PSBO 
801 2 |a RU  |b 63413507  |c 20201029  |g PSBO 
942 |c BK